000 00717cam a2200217 4500
001 WB4024-12
008 040622n2004 000 0 eng u
035 _a(Sirsi) u126548
245 _aRegional casinos
260 _c2004
490 _aProperty Week
_v69(25) 18 June 2004, 5(1)
520 _aThe Department for Culture, Media and Sport has set out a model for regional casino and leisure venues as it pledged to introduce a Gambling Bill. Up to 25 machines per gambling table will be permitted at these casinos.
590 _aWB
590 _aWB
650 _aCASINOS
650 _aLEISURE CENTRES
650 _aGAMBLING
650 _aGAMBLING BILL
690 _aLEISURE AND RECREATION
942 _n0
999 _c117565
_d117565